Quizzes
Events
Quiz Creation
Community
Videos
Private Events
Remove Ads
Sign In
Join for FREE
Feedback
Dark Mode
Quiz Categories
Sports
Geography
Music
Movies
Television
Just For Fun
Miscellaneous
History
Literature
Language
Science
Gaming
Entertainment
Religion
Holiday
For Kids
Quiz Lab
Recent
Popular Today
Quiz Kudos Today
Editor Picks
Curator Picks
Quizzes by...
Day
Popularity
Type
Ratings
Length
Year
Community
Subscriptions
Recent Discussions
Orange Saloon
Badges
Playlists
Quests
Create
Leaderboards
Showdown
Live 5
Trivia Bingo
Activity
Puzzle Library
Sporcle Events
Private Events
Virtual Trivia
Globe League
Become a Host
Pub Owners
SporcleCon
Opinionation
Our Games
Videos
Blog
Mobile Apps
Partnerships
Remove Ads and Go Orange
Feedback
Television
TV Characters
TV Show
Sitcom
Network
Friends
Reality Shows
Cast
South Park
Star Trek
The Simpsons
Doctor Who
Television
TV Characters
TV Show
Sitcom
Network
Friends
Reality Shows
Cast
South Park
Star Trek
The Simpsons
Doctor Who
Random Quiz
Search Sporcle
×
Quiz Lab
Quiz Lab
Television
Diary
Type in answers that appear in a list
Type in answers that appear in a list
Classic
Best Score? Go Orange.
The Ultimate Vampire Diaries Quiz Stats
Can you name the The Ultimate Vampire Diaries Quiz?
By
kiwifriut
15m
62 Questions
509 Plays
509 Plays
509 Plays
Comments
Comments
Give Quiz Kudos
Give Quiz Kudos
-
- Ratings
hide this ad
Forced Order
Answers have to be entered in order
Answers have to be entered in order
Random Order
Randomize order of answers
Randomize order of answers
Replay
Link that replays current quiz
Next Quiz
Link to next quiz in quiz playlist
You Got
0%
They Got
Avg Score
41%
Avg Friend Score
Upgrade to see
Score Distribution
Jump to the score distribution portion of the page
Score
0/62
Timer
15:00
0
Plays Today
Hint
Answer
% Correct
Who was Klaus's first successful hybrid
Tyler Lockwood
56.2%
Who spends a night in New York on a roof top with Lexi
Damon Salvatore
55.8%
Who was the vampire hunting teacher
Alaric Saltzman
54.6%
Who was pregnant with klaus's baby
Hayley
54.6%
Who is the first Original we meet
Elijah Mikaelson
53.4%
Who were seline and sybil
Sirens
52.1%
What original does jeremy kill to finish his hunters mark
Kol Mikaelson
51.7%
Who is the vampire who died in damon's arms
Rose
51.5%
The original's vampire Father
Mikael Mikaelson
51.3%
Who made Stefan's and Damon's rings
Emily bennett
50.3%
Who died headfirst in a fountain
Carol Lockwood
49.9%
Who created hell
Cade
49.5%
Who was the vampire in the hybrid sacrifice
Jenna Sommers
49.1%
Who was the last remaining vampire
Caroline Forbes
48.7%
Founding Family
Gilbert
48.1%
Founding Family
Lockwood
47.9%
Who beat stefan in an arm wrestle at the carnival
Mason Lockwood
47.5%
Founding Family
Salvatore
47.3%
Where does bonnie hide her magic
Teddybear
46.6%
Which original was the sacrifice the end the existance of vampires
Finn Mikaelson
46.4%
Who helped bonnie open the tomb
Sheila Bennett
46.4%
Who is the psychopath
Kai parker
45.8%
Who is the first female vampire
Rebekah Mikaelson
45.8%
Who was the only main character to never be compelled
Bonnie Bennett
45%
Founding Family
Forbes
44.8%
What object does jo hide her magic in
Knife
44.8%
Who spent two seasons in a coffin
Elena Gilbert
44.6%
What female ran hell when Cade died
Katherine Pierce
44.4%
Who was injected her patience with vampire blood
Meredith Fell
44.4%
Who are the first gemini twins we meet
Liv and Luke
44.2%
Who gave elena her first diary
Miranda Gilbert
44.2%
Hint
Answer
% Correct
What did damon and elena drive his car in to
Mystic Grill
44.2%
Founding Family
Fell
43.2%
Who died on her wedding day
Josette
42.4%
Who was the only non vampire to die in the founders day fire
Richard Lockwood
42.4%
Who rings the bell that releases hellfire
Vicki Donovan
41.7%
What are witches/
vampires called
Heretics
41.7%
Who are the last gemini twins
Lizzie and josie
41.3%
Who is the only vampire to die from the sun
Isobel Flemming
40.7%
Who gave up his life to save elena's
John Gilbert
40.1%
Who was THE Augustine vampire
Lorenzo
38.1%
The mother/
daughter vampire's
Pearl and Anna
37.9%
Who took stefan's virginity
Valerie Tull
37.5%
Who was the owner on the phoenix sword
Rayna Cruz
36.9%
Who was wes's inspiration
Grayson Gilbert
36.7%
Who appears and dies in the same episode
Lexi
36%
Who covers up vampire attacks as animal attacks
Sheriff
34.6%
What does enzo give bonnie on there last day in paris
Necklace
33.4%
Who dessicated Mikael
Abby Bennett
33.2%
What object can kill a siren
Bell
30.1%
Who was the first Salvatore vampire
lilly Salvatore
27.7%
Whos phone number is this 404-
358-
4345
Stefan Salvatore
27.5%
What was stefan and damons house before the moved back in
Salvatore Boarding House
27.1%
Who has the largest bloodline
Niklaus Mikaelson
26.9%
In the last season what does matt plan on becoming
Mayor
26.5%
Who kills his fiancée
Matt Donovan
26.3%
Who was the cause of Alaric's finally death
Esther Mikaelson
25.9%
Name the doppelgagers in order of age
Silas Amara Tatia Katherine Stefan Tom Elena
25%
Where is full of magical artifacts
Armoury
24.6%
Who was the last character to be seen in season 2 the last episode
Jeremy Gilbert
24.2%
Who was damon's best friend
Liz Forbes
23.6%
Who was creating vampire's to feed on vampire's
Wes Maxwell
20%
Quiz Playlist
Details
Report
Send in Message
Add To Playlist
Classic:
Type in answers that appear in a list
Forced Order:
Answers have to be entered in order
Random Order:
Randomize order of answers
Last Updated: Aug 5, 2017
Quiz Scoreboard
CHALLENGE
Sign Up to Join the Scoreboard
Show All
Scores
Hide
Comments
May contain spoilers
Recently Published
Billboard Blitz: Fleetwood Mac
by CooCooCachoo
Music
15s
Presidents Visiting Landmarks
by Hejman
History
7m
An Introduction to Baseball
by treessimontrees
Sports
5m
More to Explore
Quiz From the Vault
Featured Blog Post
Where Did the Easter Bunny Come From?
hide this ad
You Might Also Like...
Tags
Diary
ultimate
Vampire
Today's Top Quizzes in Television
Browse Television
hide this ad
Today's Top Quizzes in Diary
Browse Diary
Top Contributed Quizzes in Television
1
5-to-1: The Simpsons Families
2
5-to-1: Television Doctors
3
7-to-1: TV Show Settings
4
One Piece Logic Puzzle
5
5-to-1: Streaming Originals
6
Survivor Seasons
7
Survivor Logic Puzzle: Heroes vs. Villains
8
TV Shows by First Names
9
Survivor Season by Logo
10
One Thing in Common: Television
Explore More
Trending Topics
Anime
Kpop
NBA
Crossword
Marvel
Disney
Harry Potter
Song
NFL
WWE
Soccer
The Office
Puzzle
Country
Pokémon
hide this ad
More By:
kiwifriut
Quiz
Plays
Rating
Category
Featured
Created
pitch perfect quiz
4,305
1.05
Movies
Oct 16, 2013
Lucifer season 1 - 4
2,274
2.40
Television
May 20, 2019
Miranda
2,020
1.14
Television
Jan 5, 2014
Miley Cyrus We Cant Stop Lyrics
1,195
1.64
Music
Nov 10, 2013
50 shades of grey
1,153
1.50
Literature
Oct 16, 2013
Go to Creator's Profile
Score Distribution
Quiz Creator Spotlight
kiwifriut
Follow
Send a Message
Quizzes Created
-
Created Quiz Play Count
-
More By This Creator
Popular Quizzes Today
1
Find the US States - No Outlines Minefield
2
Find the Countries of Europe - No Outlines Minefield
3
The Countries of the World
4
Find the US States
5
Popular People in 1961
6
US States
7
Risky Map Clicking: Biggest States A-Z
8
Movies - When Are They Set?
More Television Quizzes
Game of Thrones: Petyr Baelish Start to Finish
Quiz Lab
Trending Quizzes
Risky Map Clicking: Least Populous States A-Z
1-10 Letter G Words
1-10 Letter F Words
Risky Map Clicking: Next State Alphabetically
Risky Map Clicking: Biggest States A-Z
Recently Updated
Leaping Animals
pecheneg
Reality TV Shows (A-Z)
bhenderson79
Rickey Henderson's Hall of Fame Teammates
pecheneg
Champions League XIs: Arsenal
pecheneg
Quick Pick: Celebrities in WWE's Hall of Fame
aduchscher
A-Z Keypad Blitz II
pecheneg
Multiple Oscar Actors
pecheneg
Mystery Phrase Blitz: Oscar 'Best Actors'
pecheneg
F. Scott Fitzgerald Novels
LTH
Pick 3 Villains
ddd62291
Trending Topics
Harry Potter
Marvel
Crossword
Disney
Anime
Kpop
NBA
Soccer
NFL
Song
Puzzle
WWE
Country
Pokémon
The Office
Your Account Isn't Verified!
In order to create a playlist on Sporcle, you need to verify the email address you used during registration. Go to your
Sporcle Settings
to finish the process.
Report this User
Report this user for behavior that violates our
Community Guidelines
.
Details:
Send Report
Go to the Sporcle.com Mobile Site →
Comments